| 000 | 00373nam a2200121 i 4500 | ||
|---|---|---|---|
| 001 | 43788 | ||
| 003 | ES-MaACL | ||
| 007 | t| | ||
| 008 | 030318s1887 sp ||||1| spa d | ||
| 245 | 0 | 0 | _aCatálogo general ilustrado de instrumentos para ciencias de la casa fundada en 1859 por Ildefonso Sierra y Alonso. |
| 260 |
_aMadrid : _b[s.n.], _c1887. |
||
| 852 |
_aES-MaACL _jT-459-F-3 |
||
| 999 |
_c43788 _d43788 |
||